Регионална библиотека "Любен Каравелов" - Русе

Последователи Христови (Запис номер 32532)

MARC детайли
000 -Лидер
Контролно поле с фиксирана дължина 01096nam a2200337 c 4500
003 - Код на организацията, давaща контролен номер
Контролно поле BLK
005 - Дата и час на последна редакция
Контролно поле 20180420220550.0
008 - Елементи от данни с фиксирана дължина
fixed length control field 180407b bul|||||r ||||||| ||bul||
010 ## - Наследен системен номер
LC control number KNG00035205000
020 ## - Международен стандартен номер на книга ISBN
Международен стандартен номер на книга ISBN 954-445-622-1
-- издат.: Христо Ботев
040 ## - Източник на каталожния запис
Идентификатор на билиотеката - собственик на записа BLK
041 ## - Код за език
Код за езика на текст/звукозапис или на отделно заглавие Български
Код за езика КДБФ Български
072 #7 - Код за тематичната категория
Код организация bullib
Код за тематична категория Я
Текст Автографи
080 ## - УДК
Текстов определител УДК Българска литература
УДК код - определител по УДК 821.163.2
УДК определител -191
УДК - код + определител 821.163.2-191
100 1# - Редна дума - Автор
Автор Антонов, Христо Христов
Авторска отговорност първи автор
R(LIN) 252735
139 ## - Редно поле
Редна дума Антонов, Христо Христов
Авторски знак Анто - А 75
245 10 - Сведения за заглавието
Заглавие Последователи Христови
Подзаглавни данни Басни и притчи
Редно поле (дума) Христо Христов Антонов.
257 ## - Страна на издаване
Страна на създаване/издаване България
260 ## - Област на издателските данни
-- София
Име на издателя, разпространителя и проч. Христо Ботев
Година на издаване 2000
300 ## - Физическа характеристика
Страници 192 с.
Размери/Мащаб 20 см
380 ## - Жанр
Жанр Худож. лит.
500 ## - Общи забележки
Забележка Офс. изд.
653 ## - Ключова дума – ненормативна
Ключова дума басни
653 ## - Ключова дума – ненормативна
Ключова дума притчи
659 ## - Тематичен бюлетин
Тематичен бюлетин Я
852 ## - Местоположение
Форматна сигнатура Цб 207339
856 4# - Електронен адрес и достъп
Електронен формат pdf - файл
Път до файла /url/
856 4# - Електронен адрес и достъп
Електронен формат pdf - файл
Път до файла /url/
942 ## - АРТИКУЛИ
Вид на библиотечния материал Книги
Скрит в OPAC Не
944 ## - СЪЗДАВАНЕ И РЕДАКЦИЯ на ЗАПИСА
Създаване/Редакция Създаване
Дата на регистрацията/редакция 29.01.2003
Служител, извършил регистрацията/редакцията AB_DOS
944 ## - СЪЗДАВАНЕ И РЕДАКЦИЯ на ЗАПИСА
Създаване/Редакция Редакция
Дата на регистрацията/редакция 29.01.2003
Служител, извършил регистрацията/редакцията
999 ## - СИСТЕМНИ КОНТРОЛНИ НОМЕРА
Koha biblionumber 32532
Koha biblioitemnumber 32532
Наличности
Код за отписване Код за изгубен артикул Източник на класификационната схема Код за повреда Коз за рестрикции Код за отдаване Артикулен № Име на библиотеката - собственик Име на библиотеката, в която се намира в момента Статус (Текущо местоположение) Дата на вписване в системата Местоположение - отдел Цена в лева Инвентарен номер Систематично азбучна сигнатура Баркод Номер на екземпляра Цена в евро Служебна бележка Служебен тип на артикула Номерация (Хронология) Бележка за публиката
  Не е изгубен Universal Decimal Classification Не е повреден без рестрикции ползва се в читалня 52018 Регионална библиотека "Любен Каравелов" Русе Регионална библиотека "Любен Каравелов" Русе Хранилище 2001-01-01 Хранилище 0.00 662045 Цб 207339 120000662045 1 0.00 Дост: Dp Вид: Д N: 6 Дата: 01.01.2001 Книги    
  Не е изгубен Universal Decimal Classification Не е повреден без рестрикции ползва се в читалня 52019 Регионална библиотека "Любен Каравелов" Русе Регионална библиотека "Любен Каравелов" Русе Хранилище 2001-01-01 Основен фонд - ползва се само за читалня 3.00 664647 Цб 207339 120000664647 2 1.53 Дост: DA Вид: А N: стар фонд Дата: 01.01.2000 Книги Автограф: Христо Христов Антонов  
  Не е изгубен Universal Decimal Classification Не е повреден без рестрикции заемане за дома 52020 Регионална библиотека "Любен Каравелов" Русе Регионална библиотека "Любен Каравелов" Русе Заемна - подръчен фонд 2001-01-01 Заемна - подръчен фонд 3.00 664648 П 886.7-1/А75Х 120000664648 3 1.53 Дост: DA Вид: А N: стар фонд Дата: 01.01.2000 Дата инв: 15.02.2018 Бележки инв: П2018 Книги    
Изтеглен Не е изгубен Universal Decimal Classification Не е повреден без рестрикции заемане за дома 52021 Регионална библиотека "Любен Каравелов" Русе Регионална библиотека "Любен Каравелов" Русе Заемна - подръчен фонд 2001-01-01 Заемна - подръчен фонд 3.00 664649 П 886.7-1/А75Х 664649 4 1.53 Дост: DA Вид: А N: стар фонд Дата: 01.01.2000 Книги    
Изтеглен Не е изгубен   Не е повреден без рестрикции заемане за дома 52022 Регионална библиотека "Любен Каравелов" Русе Регионална библиотека "Любен Каравелов" Русе   2001-01-01 Заемна - подръчен фонд 3.00 664650 П 886.7-1/А75Х 664650 5 1.53 Дост: DA Вид: А N: стар фонд Дата: 01.01.2000 Книги   Отч.N: 3 , Дата: 17.01.2018
Vip Innovations Ltd, Rousse, Bulgaria 2025